00250nam a2200097Ia 4500008004100000082001700041100001700058245004100075260002700116300000900143210430s9999 xx 000 0 und d a620.5 N175 N ayury Gogotsi aNanomaterials Handbookcyury Gogotsi aNew yorkbTaylorc2006 a770p